| 000 | 00885nam a2200325Ia 4500 | ||
|---|---|---|---|
| 003 | OSt | ||
| 005 | 20220912151410.0 | ||
| 006 | a|||||r|||| 00| 0 | ||
| 007 | ta | ||
| 008 | 220909b |||||||| |||| 00| 0 eng d | ||
| 020 | _a0849326389 (hbd) | ||
| 024 | _a7939 | ||
| 037 | _bResearchco, | ||
| 037 | _cReference Collections | ||
| 040 |
_aCSL _beng _cCSL |
||
| 041 | _aeng | ||
| 082 | _aG91:11g, N7 RR | ||
| 100 | _aAtlas Ronald M | ||
| 245 | 0 | _aHandbook of microbiological media | |
| 250 | _a2nd | ||
| 260 |
_aBoca _bRaton C R C Press _c1997 |
||
| 300 |
_aiv,1706p. _ccm. |
||
| 500 | _aAppendix 1588-1632p; Index 1633-1706p | ||
| 650 | _a Classification | ||
| 650 | _a Handbook | ||
| 650 | _a Microbiology | ||
| 650 | _aBiology | ||
| 942 |
_hG91:11g, N7 RR _cREF _2CC |
||
| 999 |
_c67581 _d67581 |
||